Historia de la cultura

Saved in:
Bibliografiske detaljer
Hovedforfatter: Lozano Fuentes, José Manuel (autor)
Format: Bog
Sprog:spansk
Udgivet: Ciudad de México, México Continental 1979
Fag:
Tags: Tilføj Tag
Ingen Tags, Vær først til at tagge denne postø!

MARC

LEADER 00000nam a2200000 a 4500
001 UCP4354
003 CL-VaPUC
005 20211020074454.0
008 990724e19790000MX |||||||||||||||||spa|d
999 |c 282338  |d 282336 
040 |c Pontificia Universidad Católica de Valparaíso 
082 0 4 |a 306.09 LOZ 1979  |2 21 
100 |a Lozano Fuentes, José Manuel  |e autor  |9 446514 
245 1 0 |a Historia de la cultura 
260 |a Ciudad de México, México  |b Continental  |c 1979 
300 |a 443 páginas 
583 |a last modification  |c 19990724 00:00:00  |k Rodrigo Vera 
650 0 |a Historia universal  |x DESARROLLO CULTURAL  |9 266877 
650 7 |a PALEOHISTORIA  |2 CL-VaPUC  |9 431821 
650 7 |a CULTURA ORIENTAL  |2 CL-VaPUC  |9 428276 
650 0 |a Civilizaciones antiguas  |9 265998 
942 |c BK  |2 ddc 
945 |d 19990724 00:00:00  |a crobeson 
952 |0 0  |1 0  |2 ddc  |4 0  |6 306_090000000000000_LOZ_1979  |7 0  |8 A  |9 323992  |a BIBHIS  |b BIBHIS  |d 2019-11-20  |i 1354027  |o 306.09 LOZ 1979  |p 1354027  |r 2025-01-20  |t 1  |w 2019-11-20  |y BK  |k HIS